<?xml version="1.0" encoding="UTF-8"?>
<marc:record xmlns:marc="http://www.loc.gov/MARC21/slim">
   <marc:leader>00000nam a2200000 a 4500</marc:leader>
   <marc:datafield ind1="1" ind2=" " tag="100">
      <marc:subfield code="a">Elsberg, Marc</marc:subfield>
      <marc:subfield code="4">aut</marc:subfield>
      <marc:subfield code="e">Verfasser/-in</marc:subfield>
   </marc:datafield>
   <marc:datafield ind1="0" ind2="0" tag="245">
      <marc:subfield code="a">Eden - Wenn das Sterben beginnt</marc:subfield>
   </marc:datafield>
   <marc:datafield ind1="0" ind2="0" tag="245">
      <marc:subfield code="b">Thriller</marc:subfield>
   </marc:datafield>
   <marc:datafield ind1="0" ind2="0" tag="245">
      <marc:subfield code="c">Marc Elsberg</marc:subfield>
   </marc:datafield>
   <marc:datafield ind1=" " ind2="1" tag="264">
      <marc:subfield code="a">München</marc:subfield>
      <marc:subfield code="b">Blanvalet</marc:subfield>
      <marc:subfield code="c">2026</marc:subfield>
   </marc:datafield>
   <marc:datafield ind1="1" ind2=" " tag="520">
      <marc:subfield code="a">Quelle: bn.bibliotheksnachrichten (http://www.biblio.at/literatur/bn/index.html); &lt;br/&gt;Autor: Martin Pellizzari; &lt;br/&gt;Rasanter und perfekt recherchierter Öko-Thriller. (DR)&lt;br/&gt;Technik, vernetzte Ökosysteme und wirtschaftliche Verflechtungen: Die uns vertraute Welt ist ein verletzlicher Organismus. Einmal aus dem Gleichgewicht gebracht, sind die Folgen unabsehbar. Influencer Linus Strand und Meeresbiologin Sarah Keller befinden sich im karibischen Urlaubsparadies. Doch der Raubbau an Umwelt und Natur macht sich auch hier unerwartet bemerkbar. Ein Tauchgang entwickelt sich zum Horrortrip. Und Berichte aus aller Welt zeigen, es geht um mehr als ein paar »verirrte« Kreaturen aus der Tiefsee. Das neue KI-Programm Vysyon prognostiziert weitere Umweltkatastrophen. Sarah und Linus gehen den Gründen für Planktonmangel, verdorrende Böden und Fischsterben auf den Grund. Durch Postings zur sich ankündigenden ökologischen Megakrise machen sie sich mächtige Feinde. Ein rasantes Katz-und-Maus-Spiel mit skrupellosen Investoren entfaltet sich mit voller Wucht.&lt;br/&gt;Mehr als 700 spannungsgeladene Seiten versprechen kurze Nächte. Auch aufgrund der fundierten naturwissenschaftlichen Recherche eine Empfehlung für jedes Thriller-Regal.&lt;br/&gt;&lt;br/&gt; ---- &lt;br/&gt;Quelle: bn.bibliotheksnachrichten; &lt;br/&gt;Autor: Martin Pellizzari; &lt;br/&gt;Rasanter und perfekt recherchierter Öko-Thriller (DR)&lt;br/&gt;Technik, vernetzte Ökosysteme und wirtschaftliche Verflechtungen: Die uns vertraute Welt ist ein verletzlicher Organismus. Einmal aus dem Gleichgewicht gebracht, sind die Folgen unabsehbar. Influencer Linus Strand und Meeresbiologin Sarah Keller befinden sich im karibischen Urlaubsparadies. Doch der Raubbau an Umwelt und Natur macht sich auch hier unerwartet bemerkbar. Ein Tauchgang entwickelt sich zum Horrortrip. Und Berichte aus aller Welt zeigen, es geht um mehr als ein paar verirrte Kreaturen aus der Tiefsee. Das neue KI-Programm Vysyon prognostiziert weitere Umweltkatastrophen. Sarah und Linus gehen den Gründen für Planktonmangel, verdorrende Böden und Fischsterben auf den Grund. Durch Postings zur sich ankündigenden ökologischen Megakrise machen sie sich mächtige Feinde. Ein rasantes Katz- und Maus-Spiel mit skrupellosen Investoren entfaltet sich mit voller Wucht.&lt;br/&gt;Mehr als 700 spannungsgeladene Seiten versprechen kurze Nächte. Auch aufgrund der fundierten naturwissenschaftlichen Recherche eine Empfehlung für jedes Thriller-Regal.</marc:subfield>
   </marc:datafield>
   <marc:datafield ind1=" " ind2=" " tag="020">
      <marc:subfield code="a">9783764508661</marc:subfield>
      <marc:subfield code="9">9783764508661</marc:subfield>
   </marc:datafield>
   <marc:datafield ind1=" " ind2=" " tag="041">
      <marc:subfield code="a">ger</marc:subfield>
   </marc:datafield>
   <marc:datafield ind1="1" ind2=" " tag="521">
      <marc:subfield code="a">0</marc:subfield>
   </marc:datafield>
   <marc:datafield ind1=" " ind2=" " tag="300">
      <marc:subfield code="a">767 Seiten</marc:subfield>
   </marc:datafield>
</marc:record>
